Túžby po nových poznatkoch Príprava kádrov pre využívanie výpočtovej techniky na VŠP v Nitre

Bibliographic Details
Main Author: Bača, Ján (Author)
Format: Article
Language:Slovak
Subjects:

MARC

LEADER 00000nab a2200000 a 4500
001 vtls000201192
003 SK-MaSNL
005 20260304181619.0
008 111130c1984 xo 0 slo
015 |a SNBRB19rr/mm-uuuuu 
035 |a CL0211305 
040 |a SNKBUCL  |b slo  |c SNKBUCL  |e AACR2 
041 0 |a slo 
044 |a xo  |c SK 
080 |a 378.663.0:681.3+681.5  |2 1981 
080 |a 681.3  |2 1981 
080 |a 681.5  |2 1981 
080 |a 631.171  |2 1981 
100 1 |a Bača, Ján  |4 aut  |9 276585 
245 1 0 |a Túžby po nových poznatkoch  |b Príprava kádrov pre využívanie výpočtovej techniky na VŠP v Nitre  |c Ján Bača 
610 2 7 |a Vysoká škola poľnohospodárska v Nitre  |2 snkbucl  |9 165743 
650 0 7 |a automatizované systémy riadenia  |2 snkbucl  |9 28612 
650 0 7 |a výpočtová technika  |2 snkbucl  |9 1126 
650 0 7 |a poľnohospodárstvo  |2 snkbucl  |9 679 
651 7 |a 5206  |2 snkbucl  |9 283253 
655 7 |a články z novín a časopisov  |2 snkbucl  |9 267496 
773 0 |t Roľnícke noviny  |g Roč. 39, č. 294 (12. 12. 1984), s. 4 
850 |a Slovenská národná knižnica v Martine  |a MTA001 
852 |a SNK  |b KIS3GCP 
958 |a RK 
992 |a RBX 
999 |c 3024939  |d 3026869